| 000 | 00645nam a22001937a 4500 | ||
|---|---|---|---|
| 005 | 20250310145358.0 | ||
| 008 | t mx d gr|||| 00| 0 spa|d | ||
| 050 | 0 | 4 |
_aKGF4812 _aHF3235 _bH47 1977 |
| 100 | 1 | _aHerrera Canales, Inés | |
| 245 | 1 | 3 |
_aEl comercio exterior de México 1821-1875 _b / Inés Herrera Canales. |
| 250 | _a1a ed. | ||
| 260 |
_aMéxico : _bEl Colegio de México, _c1977 |
||
| 300 |
_aviii, 193 p. : _bil. ; _c22 cm. |
||
| 490 | 0 |
_aCentro de Estudios Históricos ; _v25 |
|
| 500 | _aIncluye índice | ||
| 650 | 4 |
_aComercio exterior _xHistoria _y1821-1875 |
|
| 651 | 7 |
_2lemb _zMéxico _aAranceles _xComercio |
|
| 942 |
_2lcc _cLIB |
||
| 999 |
_c74141 _d74141 |
||